[Event "Tournament (juniors)"]
[Site "masterchessopen.com Wewelsburg (Germany)"]
[Round "1"]
[White "Buhr Carl Christian (GER)"]
[Black "Piepho Niels (GER)"]
[Result "1-0"]
[WhiteElo "2245"]
[BlackElo "2300"]

1.Nf3 g6 2.d4 Bg7 3.c4 d6 4.Nc3 Nf6 5.e4 O-O 6.Be2 e5 7.O-O Nc6 8.d5 Ne7 9.b4
Nd7 10.c5 dxc5 11.bxc5 f5 12.Ba3 fxe4 13.Ng5 c6 14.d6 Nd5 15.Nxd5 Qxg5 16.Nc7
Rb8 17.Ne6 Qf6 18.Nxf8 Nxf8 19.Qa4 a6 20.Qxe4 Ne6 21.Bc4 Kh8 22.Rad1 Ng5
23.Qe3 Bd7 24.Bb2 Qf5 25.f4 Qg4 26.Bxe5 {#r} 1-0

[Event "Tournament (juniors) (under 16)"]
[Site "masterchessopen.com Jamundi (Colombia)"]
[Round "6"]
[White "Ossa Juan Sebastian (COL)"]
[Black "Dominguez Oscar (COL)"]
[Result "0-1"]
[WhiteElo "1911"]
[BlackElo "1755"]

1.d4 Nf6 2.c4 g6 3.Nc3 Bg7 4.e4 d6 5.Nf3 O-O 6.Be2 e5 7.O-O Nc6 8.d5 Ne7 9.b4
Nh5 10.Nd2 Nf4 11.Bf3 f5 12.a4 g5 13.exf5 Nxf5 14.Nb3 e4 15.Nxe4 Bxa1 16.Nxa1
Nh4 17.Bb2 Nxf3+ 18.Qxf3 Nh3+ {#R} 0-1

[Event "Tournament (open)"]
[Site "masterchessopen.com Cheste (Spain)"]
[Date "2010.10.09"]
[Round "4"]
[White "Alcaraz Ortega Javier (ESP)"]
[Black "Navarro Diaz Carles (ESP)"]
[Result "1-0"]
[WhiteElo "2229"]
[BlackElo "2074"]

1.Nf3 Nf6 2.c4 g6 3.d4 Bg7 4.Nc3 O-O 5.e4 d6 6.Be2 e5 7.O-O Nc6 8.d5 Ne7 9.b4
a5 10.Ba3 Nh5 11.bxa5 Nf4 12.c5 f5 13.Nd2 g5 14.cxd6 cxd6 15.Nc4 Rf6 16.Nb5
Rh6 17.Bxd6 fxe4 18.Nb6 Rxd6 19.Nxd6 Rxa5 20.Nbxc8 Nexd5 21.Nxb7 Qxc8 22.Nxa5
Nc3 23.Bg4 {#r} 1-0

[Event "Tournament (open)"]
[Site "masterchessopen.com Kouty nad Desnou (Czech Republic)"]
[Date "2011.03.14"]
[Round "3"]
[White "Balacek Tadeas (CZE)"]
[Black "Hrabal Michal (CZE)"]
[Result "1-0"]
[WhiteElo "2165"]
[BlackElo "2000"]

1.d4 Nf6 2.c4 g6 3.Nc3 Bg7 4.e4 O-O 5.Nf3 d6 6.Be2 e5 7.O-O Nc6 8.d5 Ne7 9.b4
Nd7 10.Ba3 f5 11.Ng5 Nf6 12.Bf3 h6 13.Ne6 Bxe6 14.dxe6 f4 15.b5 b6 16.Nd5 Ne8
17.Bb4 Kh7 18.Qa4 Nxd5 19.cxd5 Qc8 20.Be2 Bf6 21.Qc2 Bd8 22.Qc6 Nf6 23.f3 Rb8
24.Rfc1 Qb7 25.a4 Qxc6 26.Rxc6 h5 {#r} 1-0

[Event "Tournament (open)"]
[Site "masterchessopen.com Mazara del Vallo (Italy)"]
[Date "2009.08.07"]
[Round "1"]
[White "Naumkin Igor (RUS)"]
[Black "Castelli Giovanni J (ITA)"]
[Result "1-0"]
[WhiteElo "2481"]
[BlackElo "1819"]

1.d4 Nf6 2.c4 g6 3.Nc3 Bg7 4.e4 d6 5.Nf3 O-O 6.Be2 e5 7.O-O Nc6 8.d5 Ne7 9.b4
a5 10.bxa5 Rxa5 11.a4 Ne8 12.Ba3 f5 13.Bb4 Ra8 14.c5 Nf6 15.Nd2 Kh8 16.cxd6
cxd6 17.Nc4 Nxe4 18.Nxe4 fxe4 19.Nxd6 Qb6 20.Rb1 Bd7 21.Nxe4 Bxa4 22.Bxe7 Bxd1
23.Rxb6 Bxe2 24.Bxf8 Bxf8 {#r} 1-0

[Event "Tournament (open)"]
[Site "masterchessopen.com Plunge (Lithuania)"]
[Date "2006.07.22"]
[Round "8"]
[White "Jegorovas Aleksandras (LTU)"]
[Black "Narmontas Raimondas (LTU)"]
[Result "1-0"]
[WhiteElo "2262"]
[BlackElo "2138"]

1.Nf3 Nf6 2.c4 g6 3.Nc3 Bg7 4.e4 d6 5.d4 O-O 6.Be2 e5 7.O-O Nc6 8.d5 Ne7 9.b4
a5 10.Ba3 axb4 11.Bxb4 b6 12.a4 Nd7 13.a5 Nc5 14.h3 f5 15.axb6 Rxa1 16.Qxa1
cxb6 17.Bxc5 bxc5 18.Qa7 fxe4 19.Nxe4 Bf5 20.Nfg5 Bxe4 21.Nxe4 Nf5 22.Rb1 Qh4
23.Bg4 h5 24.Bxf5 Rxf5 25.Rb7 Bh6 26.Qb8+ {#r} 1-0

[Event "Tournament (weekend)"]
[Site "masterchessopen.com Asti (Italy)"]
[Date "2010.04.18"]
[Round "5"]
[White "Battistelli Alessandro (ITA)"]
[Black "Roversi Stefano (ITA)"]
[Result "0-1"]
[WhiteElo "1862"]
[BlackElo "1859"]

1.d4 Nf6 2.c4 g6 3.Nc3 Bg7 4.e4 d6 5.Nf3 O-O 6.Be2 e5 7.O-O Nc6 8.d5 Ne7 9.b4
Nd7 10.Ba3 f5 11.Nd2 Nf6 12.f3 f4 13.c5 g5 14.Nc4 Rf7 15.cxd6 cxd6 16.b5 Ne8
17.Bb4 Ng6 18.a4 Bf8 19.a5 h5 20.b6 a6 21.Rc1 Rg7 22.Qb3 g4 23.Kf2 Qh4+ 24.Kg1
g3 {#R} 0-1

[Event "VL2 1999/00"]
[Site "masterchessopen.com Ruhrgebiet (Germany)"]
[Round "3"]
[White "Kreul Helmut (GER)"]
[Black "Koscielski Janus Darius (GER)"]
[Result "0-1"]
[WhiteElo "2114"]
[BlackElo "2310"]

1.Nf3 Nf6 2.d4 g6 3.c4 Bg7 4.Nc3 O-O 5.e4 d6 6.Be2 e5 7.O-O Nc6 8.d5 Ne7 9.b4
Nh5 10.c5 Nf4 11.Nd2 f5 12.cxd6 cxd6 13.Nc4 g5 14.g3 Nxe2+ 15.Qxe2 f4 16.f3
Bh3 17.Rd1 Rc8 18.Bd2 Rxc4 19.Qxc4 Qb6+ 20.Kh1 Qf2 21.Qe2 Bg2# 0-1

[Event "Zt"]
[Site "masterchessopen.com Gold Coast (Australia)"]
[Date "2009.06.25"]
[Round "8"]
[White "Goundar Sanmogam (FIJ)"]
[Black "Vlietstra Marc (AUS)"]
[Result "1-0"]
[WhiteElo "1886"]
[BlackElo "2075"]

1.d4 Nf6 2.c4 g6 3.Nc3 Bg7 4.e4 d6 5.Nf3 O-O 6.Be2 e5 7.O-O Nc6 8.d5 Ne7 9.b4
Nh5 10.Re1 f5 11.Ng5 Nf4 12.Bxf4 exf4 13.Rc1 Be5 14.exf5 Nxf5 15.Nf3 Bg7
16.Nb5 Re8 17.c5 a6 18.cxd6 axb5 19.dxc7 Qd7 20.Ng5 Rxa2 21.d6 Qxd6 22.Qb3+
Be6 23.Nxe6 {#r} 1-0

[Event "Zt"]
[Site "masterchessopen.com Montreal (Canada)"]
[Round "8"]
[White "Mikanovic Goran (CAN)"]
[Black "Odachowski Arthur (CAN)"]
[Result "1-0"]
[WhiteElo "2292"]
[BlackElo "2209"]

1.d4 Nf6 2.c4 g6 3.Nc3 Bg7 4.e4 d6 5.Nf3 O-O 6.Be2 e5 7.O-O Nc6 8.d5 Ne7 9.b4
Ne8 10.c5 f5 11.Ng5 h6 12.Ne6 Bxe6 13.dxe6 fxe4 14.cxd6 cxd6 15.Nxe4 b6 16.Qb3
d5 17.Rd1 Nc7 18.Bg4 Nf5 19.Bb2 Qe7 20.Rac1 Rad8 21.Ng3 Kh7 22.Bxf5 gxf5
23.Qc2 Nxe6 24.Nxf5 Qc7 25.Qxc7 {#r} 1-0

[Event "Zt (w)"]
[Site "masterchessopen.com Jakarta (Indonesia)"]
[Round "11"]
[White "Wong Audrey (MAS)"]
[Black "Lumongdong Lisa Karlina (INA)"]
[Result "0-1"]
[WhiteElo "2070"]
[BlackElo "2146"]

1.d4 Nf6 2.c4 g6 3.Nc3 Bg7 4.e4 d6 5.Be2 O-O 6.Nf3 e5 7.O-O Nc6 8.d5 Ne7 9.b4
Nh5 10.c5 Nf4 11.Re1 h6 12.Bf1 g5 13.Bxf4 gxf4 14.Rc1 f5 15.Nd2 fxe4 16.Ndxe4
Nf5 17.cxd6 cxd6 18.Nb5 Rf7 19.Qc2 a6 20.Nc7 Nd4 21.Qc3 Rb8 22.f3 Bf5 23.b5
axb5 24.Nxb5 Nxb5 25.Bxb5 {#R} 0-1